<?xml version="1.0" encoding="UTF-8"?>
<record
    xmlns:xsi="http://www.w3.org/2001/XMLSchema-instance"
    xsi:schemaLocation="http://www.loc.gov/MARC21/slim http://www.loc.gov/standards/marcxml/schema/MARC21slim.xsd"
    xmlns="http://www.loc.gov/MARC21/slim">

  <leader>00926nam a22002057a 4500</leader>
  <datafield tag="999" ind1=" " ind2=" ">
    <subfield code="c">22686</subfield>
    <subfield code="d">22686</subfield>
  </datafield>
  <controlfield tag="003">OSt</controlfield>
  <controlfield tag="005">20230808105105.0</controlfield>
  <controlfield tag="008">230808b           ||||| |||| 00| 0 eng d</controlfield>
  <datafield tag="020" ind1=" " ind2=" ">
    <subfield code="a">978-612-00-8469-4</subfield>
  </datafield>
  <datafield tag="040" ind1=" " ind2=" ">
    <subfield code="a">Municipalidad Provincial del Cusco</subfield>
    <subfield code="b">spa</subfield>
    <subfield code="c">Biblioteca Municipal del Cusco</subfield>
  </datafield>
  <datafield tag="082" ind1=" " ind2=" ">
    <subfield code="a">222 / L28</subfield>
    <subfield code="b">L28</subfield>
  </datafield>
  <datafield tag="100" ind1=" " ind2=" ">
    <subfield code="a">Latorre Vilca, Juan Fernando</subfield>
    <subfield code="9">48876</subfield>
  </datafield>
  <datafield tag="245" ind1=" " ind2=" ">
    <subfield code="a">Evidencias de la Era Patriarcal y del &#xC9;xodo / </subfield>
    <subfield code="b">Pruebas que corroboran la historicidad de Abraham, Jacob, Jos&#xE9;, Mois&#xE9;s y el &#xC9;xodo de Israel / </subfield>
    <subfield code="c">Juan Fernando Latorre Vilca</subfield>
  </datafield>
  <datafield tag="300" ind1=" " ind2=" ">
    <subfield code="a">200 p&#xE1;ginas ; </subfield>
    <subfield code="b">mapas ; fotos ; ilustraciones ;</subfield>
    <subfield code="c">14.5 cm.</subfield>
  </datafield>
  <datafield tag="505" ind1=" " ind2=" ">
    <subfield code="a">La raz&#xF3;n de nuestra investigaci&#xF3;n -- Antecedentes -- Evidencias para la historicidad de Abraham, Jacob, Jos&#xE9;, Mois&#xE9;s -- El Fara&#xF3;n del &#xC9;xodo -- Conclusiones.</subfield>
  </datafield>
  <datafield tag="650" ind1=" " ind2="0">
    <subfield code="9">1195</subfield>
    <subfield code="a">Religi&#xF3;n.</subfield>
  </datafield>
  <datafield tag="650" ind1=" " ind2="0">
    <subfield code="9">360</subfield>
    <subfield code="a">Israel.</subfield>
  </datafield>
  <datafield tag="942" ind1=" " ind2=" ">
    <subfield code="2">ddc</subfield>
    <subfield code="c">LIBROS</subfield>
  </datafield>
  <datafield tag="945" ind1=" " ind2=" ">
    <subfield code="a">vcp</subfield>
    <subfield code="d">2023-08-08</subfield>
  </datafield>
  <datafield tag="952" ind1=" " ind2=" ">
    <subfield code="0">0</subfield>
    <subfield code="1">0</subfield>
    <subfield code="2">ddc</subfield>
    <subfield code="4">0</subfield>
    <subfield code="7">0</subfield>
    <subfield code="a">SCA</subfield>
    <subfield code="b">SCA</subfield>
    <subfield code="c">CART</subfield>
    <subfield code="d">2023-04-20</subfield>
    <subfield code="o">222 / L28</subfield>
    <subfield code="p">SCA0003981</subfield>
    <subfield code="r">2023-08-08</subfield>
    <subfield code="w">2023-08-08</subfield>
    <subfield code="y">LIBROS</subfield>
  </datafield>
  <datafield tag="952" ind1=" " ind2=" ">
    <subfield code="0">0</subfield>
    <subfield code="1">0</subfield>
    <subfield code="2">ddc</subfield>
    <subfield code="4">0</subfield>
    <subfield code="7">0</subfield>
    <subfield code="a">SCA</subfield>
    <subfield code="b">SCA</subfield>
    <subfield code="c">CART</subfield>
    <subfield code="d">2023-04-20</subfield>
    <subfield code="o">222 / L28 / e.2</subfield>
    <subfield code="p">SCA0003982</subfield>
    <subfield code="r">2023-08-08</subfield>
    <subfield code="t">e.2</subfield>
    <subfield code="w">2023-08-08</subfield>
    <subfield code="y">LIBROS</subfield>
  </datafield>
</record>
